[Event "ISL-chT2 1819"]
[Site "Reykjavik"]
[Date "2019.03.01"]
[Round "5.1"]
[White "Kristjansson, Arni H"]
[Black "Lee, Gudmundur Kristinn"]
[Result "0-1"]
[WhiteElo "1909"]
[BlackElo "1849"]
[PlyCount "66"]
[EventDate "2018.11.09"]
[EventType "team-tourn"]
[EventRounds "7"]
[EventCountry "ISL"]
[SourceTitle "CBM 189 Extra"]
[Source "ChessBase"]
[SourceDate "2019.06.03"]
[SourceVersion "1"]
[SourceVersionDate "2019.06.03"]
[SourceQuality "1"]
[WhiteTeam "Vinaskakfelagid"]
[BlackTeam "Hrokar alls Fagnadar"]
[WhiteTeamCountry "ISL"]
[BlackTeamCountry "ISL"]

1. e4 e5 2. Nf3 Nc6 3. Bb5 a6 4. Ba4 b5 5. Bb3 Be7 6. 0-0 Nf6 7. Re1 0-0 8. c3 Na5 9. Bc2 d6 10. d4 Bg4 11. dxe5 Bxf3 12. Qxf3 dxe5 13. Nd2 c5 14. Nf1 Qd7 15. Ne3 Nc6 16. Nf5 Kh8 17. Bg5 Ne8 18. Rad1 Qe6 19. Bxe7 Nxe7 20. Nxe7 Qxe7 21. Qf5 Nd6 22. Qg4 Rad8 23. Rd3 Nc4 24. Rg3 Qf6 25. f4 Rd2 26. Bb1 exf4 27. Rh3 Ne5 28. Qh5 Qg6 29. Qxg6 fxg6 30. Rf1 g5 31. Rh5 f3 32. Rxg5 f2+ 33. Kh1 Rd1 0-1

[Event "ISL-chT2 1819"]
[Site "Reykjavik"]
[Date "2018.11.10"]
[Round "2.3"]
[White "Knutsson, Larus"]
[Black "Kristjansson, Arni H"]
[Result "1-0"]
[WhiteElo "2050"]
[BlackElo "1909"]
[PlyCount "129"]
[EventDate "2018.11.09"]
[EventType "team-tourn"]
[EventRounds "7"]
[EventCountry "ISL"]
[SourceTitle "CBM 187 Extra"]
[Source "ChessBase"]
[SourceDate "2018.11.04"]
[SourceVersion "1"]
[SourceVersionDate "2018.11.04"]
[SourceQuality "1"]
[WhiteTeam "Vikingaklubburinn II"]
[BlackTeam "Vinaskakfelagid"]
[WhiteTeamCountry "ISL"]
[BlackTeamCountry "ISL"]

1. e4 c5 2. c3 d5 3. exd5 Qxd5 4. d4 Nf6 5. Nf3 Nc6 6. Be2 cxd4 7. cxd4 e6 8. 0-0 Be7 9. Nc3 Qd8 10. h3 0-0 11. Be3 Nd5 12. Nxd5 exd5 13. a3 Be6 14. Rc1 Rc8 15. Qd2 Qa5 16. Rc3 Bd6 17. Rfc1 a6 18. Bd3 f5 19. Bf4 Qd8 20. Bxa6 bxa6 21. Rxc6 Rxc6 22. Rxc6 Bxf4 23. Qxf4 Bc8 24. Qc7 Qxc7 25. Rxc7 Re8 26. Ne5 Be6 27. Rc6 Bc8 28. b4 Bb7 29. Rc7 Bc8 30. Kf1 Be6 31. Rc6 Bc8 32. f4 Bb7 33. Rc7 Bc8 34. Ke2 Be6 35. Kd3 Kf8 36. g3 Ra8 37. Nd7+ Ke8 38. Nc5 Bf7 39. Rc6 a5 40. b5 Kd8 41. a4 h6 42. Ne6+ Bxe6 43. Rxe6 Kd7 44. Re5 Kd6 45. Rxf5 Rc8 46. Rf7 Rc4 47. Rxg7 Rxa4 48. Rg6+ Kd7 49. Rc6 Rb4 50. Rc5 Kd6 51. f5 Rb3+ 52. Kc2 a4 53. Rc6+ Kd7 54. Rg6 Rxb5 55. Rxh6 Rb3 56. g4 Rg3 57. Kb2 Ke7 58. Ra6 Rxh3 59. Rxa4 Rg3 60. Ra7+ Kf6 61. Ra6+ Kg5 62. Rg6+ Kf4 63. f6 Ke4 64. g5 Kxd4 65. f7 1-0

[Event "ISL-chT2 1617"]
[Site "Reykjavik"]
[Date "2016.10.01"]
[Round "3.3"]
[White "Fridgeirsson, Dagur Andri"]
[Black "Kristjansson, Arni H"]
[Result "1/2-1/2"]
[WhiteElo "1867"]
[BlackElo "1897"]
[PlyCount "76"]
[EventDate "2016.09.30"]
[EventType "team-tourn"]
[EventRounds "7"]
[EventCountry "ISL"]
[SourceTitle "EXT 2018"]
[Source "ChessBase"]
[SourceDate "2017.10.13"]
[SourceVersion "1"]
[SourceVersionDate "2017.10.13"]
[SourceQuality "1"]
[WhiteTeam "Fjolnis II"]
[BlackTeam "Vinaskakfelagid"]
[WhiteTeamCountry "ISL"]
[BlackTeamCountry "ISL"]

1. d4 Nf6 2. c4 c5 3. d5 b5 4. cxb5 a6 5. bxa6 Bxa6 6. Nc3 g6 7. e4 Bxf1 8. Kxf1 d6 9. g3 Bg7 10. Kg2 Nbd7 11. Qc2 0-0 12. f4 e6 13. dxe6 fxe6 14. Nh3 d5 15. f5 d4 16. fxe6 Ne5 17. Nd1 c4 18. Bg5 Qd6 19. Bf4 Qxe6 20. Ng5 Qe7 21. Bxe5 Qxe5 22. Qxc4+ Kh8 23. Nf3 Qxe4 24. Qxd4 Qb7 25. Rf1 Rad8 26. Qc3 Ng4 27. Qb3 Qc6 28. Ne3 Rd2+ 29. Kh3 Rxb2 30. Qd5 Qxd5 31. Nxd5 h5 32. Nf4 Kh7 33. Rab1 Rxa2 34. Rb7 Kh6 35. Rxg7 Kxg7 36. Ne6+ Kg8 37. Nxf8 Kxf8 38. Ne5+ Kg7 1/2-1/2